Score 0/20 Timer 07:00
4 Plays Today
% Correct
Happy Gilmore
84.3%
Click
82.7%
The Wedding Singer
81.6%
The Waterboy
80.1%
Grown Ups
77.4%
Billy Madison
77.1%
The Longest Yard
70.3%
Little Nicky
67.7%
You Don't Mess With the Zohan
65.4%
Mr. Deeds
60.9%
% Correct
Big Daddy
59.1%
50 First Dates
57.9%
I Now Pronounce You Chuck and Larry
54.4%
Bedtime Stories
45.4%
Funny People
40.8%
Just Go With It
36.4%
Spanglish
35.1%
Anger Management
31.3%
Reign Over Me
23.1%
Punch-Drunk Love
23.1%
Remove Ads.
Support Sporcle.
Get the best of Sporcle when you Go Orange. This ad-free experience offers more features, more stats, and more fun while also helping to support Sporcle. Thank you for becoming a member.

You're not logged in!

Compare scores with friends on all Sporcle quizzes.
OR
Log In

Show Comments

Extras

Top Quizzes Today


Score Distribution

Your Account Isn't Verified!

In order to create a playlist on Sporcle, you need to verify the email address you used during registration. Go to your Sporcle Settings to finish the process.

Report this User

Report this user for behavior that violates our Community Guidelines.

Details: